00890nam a2200265Ia 4500001000600000003000900006008004100015040001300056040001300069041001300082100002000095100002900115245004200144245004100186250001100227260000900238260000800247260004900255300005900304500016100363650002100524650003100545700001900576700002900595D4424IT-RoPAU130308s9999 xx 000 0 und d aIT-RoPAU cIT-RoPAU aITALIANO aDe Giorgi Ennio gCodice Aut. SPICS: 44705 aDenunce di Amnesty International (Le) bDiritti Umani (I). dottrina e Prassi a1a ed. aROMA bAve c1982 [1° Ed.:1982 - Ed.Ling.Originale:1982] a"12 p. (prefazione: no ; testo: 12 [pagine: 839-850])" aMovimento Mondiale Indipendente. Opera Altamente Umanitaria. Rapporti Su: Argentina, Cina, Etiopia, Iran, Urss, Sudafrica. Contributo Alla Causa della Pace. aDIRITTO GENERALE eCodice materia Spics: 4601 aSbordone Carlo gCodice Aut. SPICS: 44706